000 00739nam a2200277Ia 4500
005 20260324112850.0
008 008 260324s9999 xx 000 0 eng d
020 _a9781003451907
037 _aEBOOK
040 _aCRL
040 _beng
040 _cCRL
041 _2eng
041 _aeng
084 _qCRL
100 _aSahaja Timothy Davis; Tom Billington; Mary Chilokoa; Claire-Marie Whiting
_91144459
245 0 _aRelational Practice: New Approaches to Mental Health and Wellbeing in Schools
260 _bTaylor and Francis
260 _c2024
365 _a
365 _b240
856 _uhttp://www.taylorfrancis.com/books/9781003451907
942 _cEBOOK
999 _c1733835
_d1733835